000 00346nam a2200145 a 4500
008 980515s1987||||xx 0 und c
040 _aSNK
_bslo
_cSNK
_eAACR2
100 1 _aFiguli, Margita
245 1 0 _aBabylón 2
260 _bSlovenský spisovateľ
_c1987
_aBratislava
300 _a405 s.
020 _c52
044 _axo
_cSK
041 _aslo
999 _c10552
_d10552